Регионална библиотека "Любен Каравелов" - Русе

Наръчник по величие 2 (Запис номер 41305)

MARC детайли
000 -Лидер
Контролно поле с фиксирана дължина 02122nam a2200445 c 4500
003 - Код на организацията, давaща контролен номер
Контролно поле BLK
005 - Дата и час на последна редакция
Контролно поле 20180422100805.0
008 - Елементи от данни с фиксирана дължина
fixed length control field 180408b bul|||||r ||||||| ||bul||
010 ## - Наследен системен номер
LC control number KNG00044865000
020 ## - Международен стандартен номер на книга ISBN
Международен стандартен номер на книга ISBN 978-954-8208-55-0
-- издат.: Екслибрис
040 ## - Източник на каталожния запис
Идентификатор на билиотеката - собственик на записа BLK
041 ## - Код за език
Код за езика на текст/звукозапис или на отделно заглавие Български
Код за езика КДБФ Български
072 #7 - Код за тематичната категория
Код организация bullib
Код за тематична категория Н15
Текст Психология Н
080 ## - УДК
Текстов определител УДК Развитие на личността. Самосъзнание
УДК код - определител по УДК 159.923.2
УДК определител (02.062)
УДК - код + определител 159.923.2(02.062)
080 ## - УДК
Текстов определител УДК
УДК код - определител по УДК 65.012/.013
УДК определител (02.062)
УДК - код + определител 65.012/.013(02.062)
080 ## - УДК
Текстов определител УДК Етика на бизнеса. Успех
УДК код - определител по УДК 174.4
УДК определител (02.062)
УДК - код + определител 174.4(02.062)
100 1# - Редна дума - Автор
Автор Шарма, Робин
Авторска отговорност първи автор
R(LIN) 277652
139 ## - Редно поле
Редна дума Шарма, Робин
Авторски знак Шарк - Ш 37
245 10 - Сведения за заглавието
Заглавие Наръчник по величие 2
Подзаглавни данни Още 101 прозрения, с които да се издигнете до световната класа
Редно поле (дума) Робин Шарма; прев. от англ. Неза Петрова Михайлова; * Незабравка Петрова Михайлова.
257 ## - Страна на издаване
Страна на създаване/издаване Канада
260 ## - Област на издателските данни
-- София
Име на издателя, разпространителя и проч. Екслибрис
Година на издаване 2009
300 ## - Физическа характеристика
Страници 216 с.
Размери/Мащаб 20 см
380 ## - Жанр
Жанр Философия
500 ## - Общи забележки
Забележка Ориг. загл. The Greatness Guide : 101 More Insights to Get you to World Class / Robin S. Sharma. - Съдържа за авт.
650 #4 - Допълнително описание по предмет – тема
Основно описание – тема или топоним Психология на бизнеса
9 (RLIN) 277653
650 #4 - Допълнително описание по предмет – тема
Основно описание – тема или топоним Психология на личността
9 (RLIN) 267089
650 #4 - Допълнително описание по предмет – тема
Основно описание – тема или топоним Лидерство - психология
9 (RLIN) 277654
653 ## - Ключова дума – ненормативна
Ключова дума психология на личността
653 ## - Ключова дума – ненормативна
Ключова дума бизнес поведение
653 ## - Ключова дума – ненормативна
Ключова дума лидерство
653 ## - Ключова дума – ненормативна
Ключова дума самоусъвършенстване
659 ## - Тематичен бюлетин
Тематичен бюлетин Н
700 1# - Други автори (авторска отговорност)
Лично име Михайлова, Неза Петрова
Автороска отговорност (Описва отношението между автора и произведението) прев. от англ.
Друга информация Михайлова, Незабравка Петрова
9 (RLIN) 364517
700 1# - Други автори (авторска отговорност)
Лично име Михайлова, Незабравка Петрова
Автороска отговорност (Описва отношението между автора и произведението) *
9 (RLIN) 367652
852 ## - Местоположение
Форматна сигнатура Цб 241638
856 4# - Електронен адрес и достъп
Електронен формат pdf - файл
Път до файла /url/
856 4# - Електронен адрес и достъп
Електронен формат pdf - файл
Път до файла /url/
942 ## - АРТИКУЛИ
Вид на библиотечния материал Книги
Скрит в OPAC Не
Koha issues (borrowed), all copies 1
944 ## - СЪЗДАВАНЕ И РЕДАКЦИЯ на ЗАПИСА
Създаване/Редакция Създаване
Дата на регистрацията/редакция 22.12.2011
Статус, дата на статуса ф /
Служител, извършил регистрацията/редакцията Пенка_Димитрова
944 ## - СЪЗДАВАНЕ И РЕДАКЦИЯ на ЗАПИСА
Създаване/Редакция Редакция
Дата на регистрацията/редакция 20.06.2013
Статус, дата на статуса ф /
Служител, извършил регистрацията/редакцията
999 ## - СИСТЕМНИ КОНТРОЛНИ НОМЕРА
Koha biblionumber 41305
Koha biblioitemnumber 41305
Наличности
Код за отписване Код за изгубен артикул Източник на класификационната схема Код за повреда Коз за рестрикции Код за отдаване Артикулен № Име на библиотеката - собственик Име на библиотеката, в която се намира в момента Статус (Текущо местоположение) Дата на вписване в системата Местоположение - отдел Цена в лева Инвентарен номер Систематично азбучна сигнатура Баркод Номер на екземпляра Цена в евро Служебна бележка Служебен тип на артикула
Изтеглен Не е изгубен Universal Decimal Classification Не е повреден без рестрикции заемане за дома 64723 Регионална библиотека "Любен Каравелов" Русе Регионална библиотека "Любен Каравелов" Русе Заемна - подръчен фонд 2011-12-16 Заемна - подръчен фонд 11.00 120000755553 П 159.92/Ш 37 120000755553 1 5.62 Дост: Pk Вид: Ф N: 251 Дата: 15.12.2011 Книги
  Не е изгубен   Не е повреден без рестрикции ползва се в читалня 64724 Регионална библиотека "Любен Каравелов" Русе Регионална библиотека "Любен Каравелов" Русе Хранилище 2013-06-20 Хранилище 11.00 120000767160 Цб 241638 120000767160 2 5.62 Дост: Dp Вид: Д N: 8 Дата: 20.02.2012 Книги
Vip Innovations Ltd, Rousse, Bulgaria 2025